Iles des Caraïbes - Carte - Statistiques

Statistiques générales
  • Ce quiz a été pris 401 fois
  • Le résultat moyen est 16 sur 144
Réponses sur la Carte
Les réponses sont colorées sur une échelle allant du rouge au vert en fonction du pourcentage des utilisateurs qui les ont devinées à leur premier essai. Vous pouvez retrouver ces pourcentages ci-dessous.
 
Statistiques - réponses
Réponse % Correct
Cuba
89%
Hispaniola
85%
Jamaïque
77%
Sainte-Lucie
75%
Martinique
73%
Dominique
72%
Barbade
68%
Saint-Vincent
67%
Grenade
61%
La Trinité
61%
Antigua
58%
Porto Rico
58%
Saint-Christophe
57%
Tobago
51%
Saint-Martin
48%
Curaçao
45%
Aruba
40%
Saint-Barthélemy
40%
Barbuda
38%
Bonaire
33%
Basse-Terre
32%
Niévès
32%
Anguilla
29%
Montserrat
28%
Grande-Terre
22%
Marie-Galante
22%
Saint-Eustache
19%
Saba
17%
La Désirade
13%
Sainte-Croix
9%
Cayo Agua
8%
La Tortue
7%
Margarita
7%
Saint John
7%
Grand Bahama
6%
Grand Cayman
5%
Keys
5%
La Juventud
5%
La Tortue
5%
Moustique
5%
Saint-Thomas
5%
San Andrés
5%
Terre-de-Bas
5%
Terre-de-Haut
5%
Cat Island
4%
Cozumel
4%
La Gonâve
4%
Canouan
3%
Carriacou
3%
Cayo Coco
3%
Klein Bonaire
3%
La Petite Martinique
3%
La Providence
3%
Little Cayman
3%
Tortola
3%
Anegada
2%
Bequia
2%
Cayo Largo del Sur
2%
Cayo Romano
2%
Eleuthera
2%
Grand Turk
2%
Great Inagua
2%
Île-à-Vache
2%
Jost Van Dyke
2%
La Blanquilla
2%
La Orchila
2%
Las Aves
2%
Las Roques
2%
Long Island
2%
Mayreau
2%
Middle Caicos
2%
Mona
2%
Navasse
2%
New Providence
2%
North Andros
2%
San Salvador
2%
South Andros
2%
South Caicos
2%
Union
2%
Vieques
2%
Virgin Gorda
2%
Acklins
1%
Catalina
1%
Caye Ambergris
1%
Cayman Brac
1%
Cayo Cruz
1%
Cayos Miskitos
1%
Coche
1%
Colón
1%
Crooked Island
1%
Cubagua
1%
Culebra
1%
East Caicos
1%
Great Abaco
1%
Great Exuma
1%
Guanaja
1%
Iles Turneffe
1%
Isla de Aves
1%
Isla Mujeres
1%
Isleta de San Juan
1%
Jardines de la Reina
1%
Little Inagua
1%
Mayaguana
1%
North Caicos
1%
Popa
1%
Providenciales
1%
Roatán
1%
Ronde
1%
Salt Cay
1%
San Cristóbal
1%
Santa Catalina
1%
Saona
1%
Tierra Bomba
1%
Utila
1%
West Caicos
1%
Bastimentos
0%
Beata
0%
Brava
0%
Calero
0%
Cayo Fragoso
0%
Cayo Guajaba
0%
Cayo Guillermo
0%
Cayo Sabinal
0%
Cayo Saetía
0%
Conception
0%
Grande Cayemite
0%
Grande île du Maïs
0%
Great Harbour Cay
0%
Great Swan
0%
Iles Bimini
0%
Jumentos Cays
0%
Little Exuma
0%
Little Ragged Island
0%
Little San Salvador
0%
Little Swan
0%
Long Cay
0%
Mangrove Cay
0%
Petite Cayemite
0%
Petite île du Maïs
0%
Portillos
0%
Ragged Island
0%
Rum Cay
0%
Samana Cay
0%
Solarte
0%
Aucun quiz correspondant
Distribution des résultats
% des personnes avec chaque résultat
Percentile par nombre de réponses
Votre historique - résultats
Vous n’avez pas pris ce quiz